Zamestnanosť a nezamestnanosť v roku 1994 podľa výsledkov výberových súpisov pracovných síl

Výsledky výberového zisťovania pracovných síl. Zamestnanosť a vývoj počtu pracujúcich v roku 1994. Pracujúci podľa sociálnych skupín, odvetví a zamestnaní. Nezamestnanosť, vývoj počtu nezamestnaných a miery nezamestnanosti.

Salvato in:
Dettagli Bibliografici
Autore principale: Čutková, Z.
Natura: Capitolo di libro
Lingua:slovacco
Soggetti:
Tags: Aggiungi Tag
Nessun Tag, puoi essere il primo ad aggiungerne!!

MARC

LEADER 00000naa a2200000 4500
001 r017316
005 20221205102601.3
041 0 |a slo 
044 |a SK 
245 1 0 |a Zamestnanosť a nezamestnanosť v roku 1994 podľa výsledkov výberových súpisov pracovných síl  |c Z. Čutková 
520 |a Výsledky výberového zisťovania pracovných síl. Zamestnanosť a vývoj počtu pracujúcich v roku 1994. Pracujúci podľa sociálnych skupín, odvetví a zamestnaní. Nezamestnanosť, vývoj počtu nezamestnaných a miery nezamestnanosti. 
610 2 0 |a sily pracovné 
610 2 0 |a zisťovanie štatistické 
610 2 0 |a skupiny sociálne 
610 2 0 |a zamestnanosť 
610 2 0 |a nezamestnanosť 
610 2 0 |a miera nezamestnanosti 
610 2 0 |a 1994 
610 2 0 |a Slovensko 
610 2 0 |a údaje štatistické 
610 2 0 |a súpisy 
100 1 |a Čutková, Z.